00533nam a22001577a 4500003000400000008004100004020001800045082001700063100002400080245003600104260002700140300001000167942001200177999001700189952016900206OSt240830b |||||||| |||| 00| 0 eng d a9789354095627 a954.04 bTAB aTANVER, Raghuvendra aThe Story of India's Partition  aDelhi:bMIABGI,c2021. a236p. 2ddccBK c12879d12879 00102ddc40708IKSaPIETbPIETd2024-08-30eZafaa Books and DistributorsfINRg780.00kZBD0153l0o954.04 TABp38414r2024-08-30 00:00:00v624.00w2024-08-24yBK